00906nam a2200241 a 450000100100000000500170001000800410002702000180006804000250008608200210011110000450013224500550017726000400023230000210027250000700029359000260036365000270038965000310041665000440044791000370049195201190052899900170064700003892820240530073921.0140326s2003 dr 000 f spa d a9788478446568 aDO-SdBNPbspacBNPHU aRD863.44bV443ho1 aVeloz Maggiolo, Marcio,d1936-20219110413aEl hombre del acordeón /cMarcio Veloz Maggiolo. aMadrid, España :bSiruela,c2003. a146 p. ;c23 cm. aIncluye datos biográficos del autor en la solapa de la cubierta aInventariado, 2018/BT 0aNovela dominicana9223 0aLiteratura dominicana.967 4aMerenguezRepública Dominicana965195 aValidado. Control de calidad MFF 0010718PDaPDbPDcHDd2013-05-06iLF1l0oRD863.44 V443hop38928-10r2020-06-25w2020-06-25yLFPDZNo se presta c38418d38418